00858cam a22002655a 450000100100000000500170001000800410002702000150006802000180008304000260010108200220012710000140014924500540016325000160021726000440023330000360027750000260031350400510033965000370039065100100042765300280043794200080046599900170047395201020049000807376820180306151146.0900516r19981990enka frb 001 0 eng d a0471923427 a9780471923428 aUkcUkbengdEG-ScBUE04222a621.3822bBAH1 aBaher, H.10aAnalog and digital signal processing /cH. Baher. aReprint ed. aChichester :bJohn Wiley & Sons,c1998. axviii, 474 p. :bill. ;c24 cm. aReprinted of 1990 ed. aIncludes bibliographical references and index. 7aSignal processing.2BUEsh936943 2BUEsh bGGENbENGGENcMarch2018 2ddc c26253d26225 00102ddc4070aMAINbMAINc1STd2018-03-06l0o621.3822 BAHp000047358r2025-07-15 00:00:00yBB